Chanson française par premiers mots #2 - Statistiques

Statistiques générales
  • Ce quiz a été pris 29 137 fois
  • Le résultat moyen est 9 sur 20
Statistiques - réponses
Hint Réponse % Correct
Je n'ai qu'une philosophie, être acceptée comme je suis... Ma philosophie
82%
Egaré dans la vallée infernale... L'aventurier
81%
Je me lève, et je te bouscule... Comme d'habitude
71%
Minuit se lève en haut des tours... Envole-moi
69%
Vis sous l'équateur du Brésil... Les sunlights des tropiques
67%
Petit portoricain, bien intégré quasiment new-yorkais... Manhattan-Kaboul
63%
Et si tu crois que j'ai peur, c'est faux... Sous le vent
55%
Quitte à tout prendre, prenez mes gosses et la télé... Ma liberté de penser
45%
Le ciel bleu sur nous peut s'effondrer... L'hymne à l'amour
41%
Au-dessus des vieux volcans... Voyage voyage
41%
Ça fait longtemps que t'es partie maintenant... Mon fils ma bataille
40%
Oh la la la la vie en rose... Foule sentimentale
37%
Oh femme unique, péché, désir... Eve lève-toi
35%
Seul sur le sable, les yeux dans l'eau... Hélène
33%
C'est tellement simple, l'amour... L'envie d'aimer
33%
Dans le mot "je t'aime", trop de "M"... Tandem
29%
Il y a tant de vagues et de fumées... Le paradis blanc
23%
Il met de la magie, mine de rien, dans tout ce qu'il fait... Il est libre Max
11%
Je vais vous raconter, avant de vous quitter... Gigi l'amoroso
10%
Mais toutes les chansons racontent la même histoire... Désir désir
9%
Aucun quiz correspondant
Distribution des résultats
% des personnes avec chaque résultat
Percentile par nombre de réponses
Votre historique - résultats
Vous n’avez pas pris ce quiz